Normal view
MARC view
Entry Personal Name
001 - CONTROL NUMBER
- control field: 13549
003 - CONTROL NUMBER IDENTIFIER
- control field: BD-RjUL
005 - DATE AND TIME OF LATEST TRANSACTION
- control field: 20240919102223.0
008 - FIXED-LENGTH DATA ELEMENTS
- fixed length control field: 240919|| aca||aabn | a|a d
040 ## - CATALOGING SOURCE
- Original cataloging agency: BD-RjUL
- Transcribing agency: BD-RjUL
100 ## - HEADING--PERSONAL NAME
- Personal name: Das, Dipakendra Nath
670 ## - SOURCE DATA FOUND
- Source citation: Work cat.: (BD-RjUL)84013: Das, Dipakendra Nath, The Problems of Production and Marketing of Sericulture Products in Bangladesh /, 1997